000 00353nam a22001457a 4500
999 _c12096
_d12096
020 _a978-93-5316-048-7
082 _a621.38
100 _aV S Khanchana Bhaaskaran
245 _aLinear Integrated Circuits
250 _a3rd Edition
260 _aNew Delhi
_bMcGraw Hill
_c2019
300 _a730
650 _aElectrical Engineering
942 _cBK